000 00219 a2200097 4500
001 48240
100 _aAgha Shoresh Kashmire
245 _aIqbal Pyambar Inqlab
260 _aLahore
_bFerozsons
_c
090 _c31195
_d31195
942 _aNUST-CAE
_cM
_c23553
999 _c283313
_d283313